000 00306nam a22001337a 4500
008 181107b xxu||||| |||| 00| 0 eng d
020 _a0316698407
041 _aeng
080 _a610
100 _a4
101 _ashm
245 _aContemporary Approaches Suttering Therapy
_cPeins.m
942 _2udc
_cBK
999 _c52100
_d52100